| 000 | 00826cam a2200241 a 4500 | ||
|---|---|---|---|
| 001 | 14823140 | ||
| 005 | 20180126091907.0 | ||
| 008 | 070425s2007 nyua b 001 0 eng | ||
| 010 | _a 2007274201 | ||
| 020 | _a9780316167260 | ||
| 020 | _a0316167266 | ||
| 040 |
_aDLC _cDLC _dDLC _e |
||
| 041 | _aeng | ||
| 080 | _a155.264 | ||
| 082 | 0 | 0 |
_a155.264 TIE _222 |
| 100 | 1 | _a48 | |
| 101 | _aPSI | ||
| 245 | 1 | 0 |
_aDo what you are : _cPaul D. Tieger and Barbara Barron. |
| 504 | _aIncludes bibliographical references (p. 370-375) and index. | ||
| 906 |
_a7 _bcbc _corigcop _d2 _encip _f20 _gy-gencatlg |
||
| 942 |
_2ddc _cBK |
||
| 999 |
_c41042 _d41042 |
||